Bankopoisťovníctvo

Bankopoisťovníctvo ako relatívne nový pojem v slovenskej ekonomickej a obchodnej terminológii. Výhody prepojenia bankových a poisťovacích operácií pre klientov a pre peňažné ústavy. Perspektívy slovenského bankopoisťovníctva.

Gespeichert in:
Bibliographische Detailangaben
1. Verfasser: Habánová, Želmíra
Format: Buchkapitel
Sprache:Slowakisch
Schlagworte:
Tags: Tag hinzufügen
Keine Tags, Fügen Sie das erste Tag hinzu!

MARC

LEADER 00000naa a2200000 4500
001 r039890
005 20230920071757.3
041 0 |a slo 
044 |a SK 
245 1 0 |a Bankopoisťovníctvo  |c Želmíra Habánová 
520 |a Bankopoisťovníctvo ako relatívne nový pojem v slovenskej ekonomickej a obchodnej terminológii. Výhody prepojenia bankových a poisťovacích operácií pre klientov a pre peňažné ústavy. Perspektívy slovenského bankopoisťovníctva. 
610 2 0 |a bankopoisťovne 
610 2 0 |a banky obchodné 
610 2 0 |a ústavy finančné 
610 2 0 |a služby finančné 
610 2 0 |a poisťovníctvo 
610 2 0 |a bankovníctvo 
100 1 |a Habánová, Želmíra